| 000 | 00574nam a2200145Ia 4500 | ||
|---|---|---|---|
| 008 | 150609s9999 xx 000 0 und d | ||
| 050 |
_aHF 5549.5.M63 _b.C737 2015 |
||
| 100 | _aCompendio, Jon Michael A. | ||
| 245 |
_aFactors affecting work motivation of the regular employees of gardenia bakeries in Laguna / _cjon Michael A. Compendio. |
||
| 260 |
_aLas PiƱas, Philippines : _bSISC, _c2015. |
||
| 300 |
_a41 pages : _billustrations ; _c28 cm. |
||
| 500 | _aIncludes bibliographical references and appendices. | ||
| 650 | _aEmployee motivation | ||
| 650 | _aWork performance | ||
| 999 |
_c285089 _d285089 |
||